000 00534nam a2200181Ia 4500
008 090124s9999 xx 000 0 und d
082 _b123972
100 _aनिसळ शांता
245 _a स्वर एक स्वाराचा
250 _a1
260 _c1990
300 _a184
600 _aनिसळ शांता
630 _a स्वर एक स्वाराचा
700 _aनिसळ शांता
730 _a स्वर एक स्वाराचा
942 _cBOOK
999 _c170059
_d170059